=LDR 00000nam 2200000 4500 =001 INLIS000000000040289 =005 20130612145847 =008 ***********************************Ind** =035 ##$$0010-061300000040289 =041 ##$$a Ind =082 ##$$a 612.63 =090 ##$$a 612.63, Hid h =100 ##$$a Hidayati Arini =245 ##$$a Hamil itu indah, Arini Hidayat =260 ##$$a 2010 $b Yogyakarta =300 ##$$a 164 hlm, 20 cm =650 ##$$a Hamil =850 ##$$a NBPNMAT